Facultades de los administradores de las sociedades mercantiles (Registro nro. 27530)

Detalles MARC
000 -LEADER
fixed length control field 00357 a2200109 4500
001 - CONTROL NUMBER
control field ART_18318
005 - DATE AND TIME OF LATEST TRANSACTION
control field 20260410161919.0
008 - FIXED-LENGTH DATA ELEMENTS--GENERAL INFORMATION
fixed length control field 260409a
100 1# - MAIN ENTRY--PERSONAL NAME
Personal name Mascheroni, Fernando H.
245 10 - TITLE STATEMENT
Title Facultades de los administradores de las sociedades mercantiles
773 0# - HOST ITEM ENTRY
Title La información
Related parts - Tomo XXXIII, Nº 556 (abr. 1976)
Record control number REV14902

No hay ítems disponibles.